00000000nam##2200000za#4500
0019.575014
003CaOODSP
00520210624184448
007cr |||||||||||
008150406|2003||||xxc|||||o    f|0| 0 eng|d
022 |a1488-5379
040 |aCaOODSP|beng
043 |an-cn---
0861 |aFs97-6/2502E-PDF
1101 |aCanada. |bDepartment of Fisheries and Oceans.
24510|aQuantitative performance measurement of alternative North American salmonid strains for Newfoundland aquaculture / |h[electronic resource]|cby V.A. Pepper ... [et al.]
260 |aSt. John's - Newfoundland and Labrador : |bFisheries and Oceans Canada |cc2003.
300 |a62p.|bfigs., references, tables
4901 |aCanadian technical report of fisheries and aquatic sciences|x1488-5379|vNo. 2502
500 |aThe catalogue number and ISSN for the print edition appear in this electronic version.
590 |a12-37-Supp|b2012-09-24
7201 |aPepper, V. A.
830#0|aCanadian technical report of fisheries and aquatic sciences,|x1488-5379|vNo. 2502|w(CaOODSP)9.504449
85640|ahttp://publications.gc.ca|qPDF|s1419 KB|uhttps://publications.gc.ca/collections/collection_2012/mpo-dfo/Fs97-6-2502-eng.pdf|yNo. 2502